Mis memorias de la Guerra Española, 1936-1939 / (Record no. 177334)

MARC details
000 -LEADER
campo de control de longitud fija 01023nam a2200253 i 4500
001 - NÚMERO DE CONTROL
campo de control 177334
003 - IDENTIFICADOR DE NÚMERO DE CONTROL
campo de control ES-MaACL
005 - FECHA Y HORA DE LA ÚLTIMA TRANSACCIÓN
campo de control 20251015063152.0
008 - DATOS DE LONGITUD FIJA--INFORMACIÓN GENERAL
campo de control de longitud fija 110316s2010 sp a | |||||||| |aspa d
020 ## - NÚMERO INTERNACIONAL ESTÁNDAR DEL LIBRO
Número Internacional Estándar del Libro 978-84-614-6085-4
080 ## - NÚMERO DE LA CLASIFICACIÓN DECIMAL UNIVERSAL
Número de la Clasificación Decimal Universal 929 Jordà Agulló, Salvador
080 ## - NÚMERO DE LA CLASIFICACIÓN DECIMAL UNIVERSAL
Número de la Clasificación Decimal Universal 94(460)"1936/39"(093.3)
100 1# - ENTRADA PRINCIPAL--NOMBRE DE PERSONA
Nombre de persona Jordà Agulló, Salvador,
Fechas asociadas al nombre 1917-1973
9 (RLIN) 145659
245 10 - MENCIÓN DEL TÍTULO
Título Mis memorias de la Guerra Española, 1936-1939 /
Mención de responsabilidad, etc. Salvador Jordà Agulló ; introducció i edició, Francesc-X. Blay Meseguer, Emilio La Parra López.
260 ## - PUBLICACIÓN, DISTRIBUCIÓN, ETC.
Lugar de publicación, distribución, etc. Alcoi :
Nombre del editor, distribuidor, etc. CAEHA,
Fecha de publicación, distribución, etc. 2010.
300 ## - DESCRIPCIÓN FÍSICA
Extensión 236 p. :
Otras características físicas il. col. y n., mapas, retr. ;
Dimensiones 22 cm.
500 ## - NOTA GENERAL
Nota general Cronología: p. 226-227.
546 ## - NOTA DE IDIOMA
Nota de lengua/lenguaje Texto en castellano; presentación, introducción y cronología en valenciano.
651 #4 - PUNTO DE ACCESO ADICIONAL DE MATERIA--NOMBRE GEOGRÁFICO
Nombre geográfico España-
Subdivisión general Historia-
Subdivisión cronológica 1936-1939, Guerra civil-
Subdivisión de forma Relatos personales.
9 (RLIN) 8326
700 1# - ENTRADA AGREGADA--NOMBRE PERSONAL
Nombre de persona Blay, Francesc-X.
9 (RLIN) 145660
700 1# - ENTRADA AGREGADA--NOMBRE PERSONAL
Nombre de persona La Parra López, Emilio.
9 (RLIN) 69173
852 ## - LOCALIZACIÓN
Ubicación ES-MaACL
Número de control de estantería C-42383
Holdings
Estatus retirado Estado de pérdida Estado de daño No para préstamo Biblioteca de origen Biblioteca actual Ubicación en estantería Fecha de adquisición Fuente de adquisición Total de préstamos Signatura topográfica completa Código de barras Visto por última vez Precio de reemplazo Tipo de ítem Koha
        Biblioteca del Ateneo de Madrid Biblioteca del Ateneo de Madrid Depósito 2 16/03/2011     C-42383 1186251 23/02/2023 23/02/2023 Libro impreso